00333nam a2200121Ia 4500008004100000100006800041245002200109250001200131260002800143650001600171942000700187999001700194190216s9999||||xx |||||||||||||| ||und|| aJagadguru Sankaracharya Sri Bharati Krsna Tirtha Maharaja 0aVedic Mathematics a1st Ed. bMoohim Publicaionc1987 aMathematics cBK c30973d30973